000 00685nam a2200229 i 4500
001 17397
003 ES-MaACL
005 20240516063022.0
007 t|
008 010301s1998 sp ||||1| spa d
020 _a84-86478-77-4
080 _a821.111-31"18"
100 0 _aStevenson, Robert Louis,
_d1850-1894
_9108169
245 1 0 _aViajes con una burra /
_cRobert Louis Stevenson ; [traducción: Alejandro Pareja].
260 _aMadrid :
_bMaeva,
_c[1998]
300 _a210 p. ;
_c20 cm.
490 1 _aAndar y ver
700 1 _aPareja, Alejandro.
_989058
830 0 _aAndar y ver
_9179945
852 _aES-MaACL
_jL-24415
_bR.129550
999 _c17397
_d17397